000
00318nam a2200121Ia 4500
008
150201s2009 xx 000 0 und d
082
_a
6.32
_b
YEN
100
_a
Yengnanarayana.B
245
_a
Artifical nerual networks
260
_b
PHI Learning Private Limited
_a
New Delhi
_c
2009
300
_a
461p.
942
_2
ddc
_c
BK
_0
3
999
_c
5106
_d
5106